Statistiche per Top 10 Città più popolose Provincia di Pistoia

Clicka qui per fare il quiz!

Statistiche generali

  • Questo quiz è stato fatto 6 volte
  • Il punteggio medio è 5 su 10

Statistiche sulle risposte

Popolazione (ab.)Città% Corretto
90 427Pistoia
100%
20 387Montecatini Terme
67%
19 677Pescia
67%
17 469Agliana
50%
21 341Monsummano Terme
50%
10 767Montale
50%
9 328Pieve a Nievole
50%
8 828Buggiano
33%
26 011Quarrata
33%
11 683Serravalle Pistoiese
33%

Distribuzione punteggi

Percentile per numero di risposta

Percentuale di utenti per punteggio

I tuoi punteggi nel tempo

Non hai fatto questo quiz